College Quizbowl Stats
College Quizbowl Stats
Circuits
Seasons
Sets
Records
Detailed Stats
About
Loading...
2024 ACF Winter at Ohio State
Tossups
Bonuses
Players
Teams
Categories (Tossup)
Categories (Bonus)
Nadita
Case Western D
Categories
Category
Powers
Gets
Negs
BBs
Points
Earliest Buzz
Avg. Buzz
First Buzzes
Top 3 Buzzes
History - American History
0
1
0
0
10
96
96.00
0
0
Science - Biology
0
1
0
0
10
115
115.00
0
0
Science - Other Science
0
1
0
0
10
97
97.00
0
1
Literature - European Literature
0
0
1
0
-5
0.00
0
0
Buzzes
Category
Answer
Value
Buzz Position
History - American History
Dred Scott
10
96
Science - Other Science
MATLAB
10
97
Literature - European Literature
Nikolai Gogol
-5
99
Science - Biology
DNA sequencing
10
115
Previous
1
Next